000 00357cam a2200145ua 4500
041 _aeng
_h
082 _a614.549
_bDEB/PO
100 _aDebre, Robert .
245 _aPoliomyelitis /
_cRobert Debre.
_hTextual Documents
260 _aGeneva :
_bWorld Health Organisation ,
_c1955.
300 _a408 ; .
504 _a
942 _cBK
999 _c1284
_d1284